| 000 | 00669nam a22002297a 4500 | ||
|---|---|---|---|
| 005 | 20180912153056.0 | ||
| 006 | a|||||f|||| 00| 0 | ||
| 007 | tc | ||
| 008 | 180720b xxu||||| |||| 00| 0 eng d | ||
| 010 | _aBR-003018 | ||
| 020 | _c05.00 | ||
| 035 | _a BR-003018 | ||
| 037 | _bA.I.C.B. | ||
| 082 | _aS | ||
| 100 | _aShiv Kumar, K. | ||
| 245 |
_aThe Beggar King _cShiv Kumar, K. |
||
| 260 |
_aDelhi _bA.C.I.B. _cN.D. |
||
| 270 |
_aSector-5, Rohini, _b New Delhi _e110085 |
||
| 300 |
_avarious pages. _c30cm (HB). |
||
| 942 |
_2ddc _cBRLEN _hS _mSHI |
||
| 999 |
_c157442 _d157442 |
||